Every Survivor Contestant In Order (S21-40) - Statistics

General Stats
  • This quiz has been taken 74 times
  • The average score is 244 of 380
Answer Stats
Season Placing Contestant % Correct
Redemption Island- 2nd Phillip Sheppard
100%
Redemption Island- WINNER Rob Mariano
100%
Nicaragua- WINNER Jud "Fabio" Birza
96%
Redemption Island- 5th Andrea Boehlke
92%
South Pacific- 6th Brandon Hantz
92%
One World- WINNER Kim Spradlin
92%
Redemption Island- 3rd Natalie Tenerelli
92%
Nicaragua- 2nd Chase Rice
88%
Cambodia- WINNER Jeremy Collins
88%
Cagayan- 3rd Kass McQuillen
88%
Cambodia- 6th Kimmi Kappenberg
88%
Nicaragua- 3rd Matthew "Sash" Lenehan
88%
Worlds Apart- WINNER Mike Holloway
88%
San Juan Del Sur- WINNER Natalie Anderson
88%
South Pacific- 4th Ozzy Lusth
88%
South Pacific- WINNER Sophie Clarke
88%
Cambodia- Equal 2nd Spencer Bledsoe
88%
Cambodia- Equal 2nd Tasha Fox
88%
Cagayan- WINNER Tony Vlachos
88%
Blood vs. Water- WINNER Tyson Apostol
88%
South Pacific- 3rd Albert Destrade
83%
Redemption Island- 4th Ashley Underwood
83%
One World- 3rd Chelsea Meissner
83%
South Pacific- 2nd Coach Wade
83%
Philippines- WINNER Denise Stapley
83%
Blood vs. Water- 3rd Gervase Peterson
83%
South Pacific- 8th John Cochran
83%
Caramoan- WINNER John Cochran
83%
Philippines- 7th Jonathan Penner
83%
Cambodia- 5th Keith Nale
83%
Cambodia- 4th Kelley Wentworth
83%
Philippines- 4th Malcolm Freberg
83%
Blood vs. Water- 2nd Monica Culpepper
83%
Nicaragua- 9th NaOnka Mixon
83%
One World- 2nd Sabrina Thompson
83%
Cagayan- 11th Sarah Lacina
83%
Cagayan- 4th Spencer Bledsoe
83%
Cagayan- 6th Tasha Fox
83%
Blood vs. Water- 4th Tina Wesson
83%
Cagayan- 5th Trish Hegarty
83%
Philippines- 5th Abi-Maria Gomes
79%
Caramoan- 7th Andrea Boehlke
79%
San Juan Del Sur- 5th Baylor Wilson
79%
Nicaragua- 10th Brenda Lowe
79%
Worlds Apart- Equal 2nd Carolyn Rivera
79%
Blood vs. Water- 5th Ciera Eastin
79%
One World- 13th Colton Cumbie
79%
Caramoan- Equal 2nd Dawn Meehan
79%
San Juan Del Sur- 2nd Jaclyn Schultz
79%
Nicaragua- 18th Jimmy Johnson
79%
Nicaragua- 17th Jimmy Tarantino
79%
San Juan Del Sur- 4th Keith Nale
79%
Nicaragua- 8th Kelly Shinn
79%
Blood vs. Water- 6th Laura Morett
79%
Philippines- Equal 2nd Lisa Whelchel
79%
Philippines- Equal 2nd Michael Skupin
79%
Kaoh Rong- WINNER Michele Fitzgerald
79%
San Juan Del Sur- 3rd Missy Payne
79%
Cagayan- 10th Morgan McLeod
79%
Worlds Apart- 4th Rodney Lavoie Jr.
79%
Blood vs. Water- 20th Rupert Boneham
79%
Redemption Island- 17th Russell Hantz
79%
Philippines- 15th Russell Swan
79%
Worlds Apart- 18th So Kim
79%
Cambodia- 20th Vytas Baskauskas
79%
Worlds Apart- Equal 2nd Will Sims II
79%
Cagayan- 2nd Woo Hwang
79%
One World- 5th Alicia Rose
75%
Cambodia- 12th Andrew Savage
75%
Blood vs. Water- 11th Aras Baskauskas
75%
Kaoh Rong- 2nd Aubry Bracco
75%
Blood vs. Water- 15th Brad Culpepper
75%
Caramoan- 6th Brenda Lowe
75%
Cagayan- 16th Brice Johnston
75%
Caramoan- 12th Corinne Kaplan
75%
San Juan Del Sur- 13th Dale Wentworth
75%
Caramoan- 4th Eddie Fox
75%
South Pacific- 7th Edna Ma
75%
Caramoan- 5th Erik Reichenbach
75%
Redemption Island- 18th Francesca Hogi
75%
Caramoan- 20th Francesca Hogi
75%
Blood vs. Water- 7th Hayden Moss
75%
Nicaragua- 4th Holly Hoffman
75%
Nicaragua- 6th Jane Bright
75%
San Juan Del Sur- 10th Jeremy Collins
75%
Worlds Apart- 10th Joe Anglim
75%
San Juan Del Sur- 6th Jon Misch
75%
Cagayan- 15th J'Tia Taylor
75%
Cambodia- 13th Kass McQuillen
75%
One World- 7th Kat Edorsson
75%
San Juan Del Sur- 14th Kelley Wentworth
75%
Blood vs. Water- 12th Laura Boneham
75%
Caramoan- 9th Malcolm Freberg
75%
San Juan Del Sur- 18th Nadiya Anderson
75%
Caramoan- 10th Phillip Sheppard
75%
South Pacific- 5th Rick Nelson
75%
Caramoan- Equal 2nd Sherri Biethman
75%
Worlds Apart- 5th Sierra Dawn Thomas
75%
Kaoh Rong- 3rd Tai Trang
75%
One World- 6th Tarzan Smith
75%
San Juan Del Sur- 17th Val Collins
75%
South Pacific- 9th Whitney Duncan
75%
Philippines- 18th Zane Knight
75%
Millennials vs. Gen X- WINNER Adam Klein
71%
Philippines- 16th Angie Layton
71%
Heroes vs. Healers vs. Hustlers- WINNER Ben Driebergen
71%
Blood vs. Water- 16th Candice Cody
71%
One World- 4th Christina Cha
71%
Edge of Extinction- WINNER Chris Underwood
71%
Cagayan- 14th Cliff Robinson
71%
Worlds Apart- 6th Dan Foley
71%
Ghost Island- 2nd Domenick Abbate
71%
Worlds Apart- 11th Hali Ford
71%
Cambodia- 17th Jeff Varner
71%
Worlds Apart- 9th Jenn Brown
71%
Blood vs. Water- 13th John Cody
71%
Blood vs. Water- 8th Katie Collins
71%
One World- 18th Kourtney Moon
71%
Ghost Island- 3rd Laurel Johnson
71%
Cagayan- 13th Lindsey Ogle
71%
Redemption Island- 7th Matthew Elrod
71%
Blood vs. Water- 18th Rachel Foulger
71%
Philippines- 11th RC Saint-Amour
71%
San Juan Del Sur- 8th Reed Kelly
71%
Caramoan- 8th Reynold Toepfer
71%
Nicaragua- 19th Shannon Elkins
71%
Worlds Apart- 8th Shirin Oskooi
71%
Cambodia- 19th Shirin Oskooi
71%
South Pacific- 16th Stacey Powell
71%
Redemption Island- 14th Stephanie Valencia
71%
Blood vs. Water- 10th Vytas Baskauskas
71%
Ghost Island- WINNER Wendell Holland
71%
San Juan Del Sur- 9th Wes Nale
71%
San Juan Del Sur- 7th Alec Christy
67%
Cagayan- 12th Alexis Maxwell
67%
Winners at War- 20th Amber Mariano
67%
Philippines- 9th Artis Silvester
67%
One World- 15th Bill Posley
67%
Blood vs. Water- 9th Caleb Bankston
67%
Heroes vs. Healers vs. Hustlers- 2nd Chrissy Hofbeck
67%
South Pacific- 13th Christine Shields-Markoski
67%
Cambodia- 10th Ciera Eastin
67%
Blood vs. Water- 19th Colton Cumbie
67%
Kaoh Rong- 4th Cydney Gillon
67%
Philippines- 14th Dana Lambert
67%
Nicaragua- 5th Dan Lembo
67%
Cagayan- 18th David Samson
67%
South Pacific- 10th Dawn Meehan
67%
Kaoh Rong- 9th Debbie Wanner
67%
Cagayan- 17th Garrett Adelstein
67%
Redemption Island- 8th Grant Mattos
67%
Philippines- 10th Jeff Kent
67%
Cagayan- 7th Jefra Bland
67%
Cagayan- 8th Jeremiah Wood
67%
Worlds Apart- 13th Joaquin Souberbielle
67%
San Juan Del Sur- 16th John Rocker
67%
One World- 12th Jonas Otsuji
67%
San Juan Del Sur- 12th Julie McGee
67%
Nicaragua- 15th Kelly Bruno
67%
Cambodia- 11th Kelly Wiglesworth
67%
Millennials vs. Gen X- Equal 2nd Ken McNickle
67%
Kaoh Rong- 6th Kyle Jason
67%
Cagayan- 9th LJ McKanas
67%
Blood vs. Water- 17th Marissa Peterson
67%
Nicaragua- 11th Marty Piombo
67%
Worlds Apart- 14th Max Dawson
67%
South Pacific- 14th Mikayla Wingle
67%
Cambodia- 16th Monica Padilla
67%
Kaoh Rong- 11th Neal Gottlieb
67%
David vs. Goliath- WINNER Nick Wilson
67%
Kaoh Rong- 12th Peter Baggenstos
67%
Philippines- 8th Pete Yurkowski
67%
Redemption Island- 9th Ralph Kiser
67%
Philippines- 17th Roxy Morris
67%
Game Changers- WINNER Sarah Lacina
67%
Kaoh Rong- 8th Scot Pollard
67%
Cambodia- 9th Stephen Fishbach
67%
Redemption Island- 10th Steve Wright
67%
Island of the Idols- WINNER Tommy Sheehan
67%
One World- 8th Troyzan Robertson
67%
Worlds Apart- 7th Tyler Fredrickson
67%
Worlds Apart- 17th Vince Sly
67%
Millennials vs. Gen X- 9th Zeke Smith
67%
Cambodia- 7th Abi-Maria Gomes
63%
Winners at War- 12th Adam Klein
63%
Ghost Island- 4th Angela Perkins
63%
Nicaragua- 7th Ben "Benry" Henry
63%
Winners at War- 5th Ben Driebergen
63%
Game Changers- 2nd Brad Culpepper
63%
Caramoan- 15th Brandon Hantz
63%
Philippines- 6th Carter Williams
63%
Kaoh Rong- 18th Darnell Hamilton
63%
Redemption Island- 12th David Murphy
63%
Millennials vs. Gen X- 4th David Wright
63%
Winners at War- 6th Denise Stapley
63%
Heroes vs. Healers vs. Hustlers- 4th Devon Pinto
63%
South Pacific- 15th Elyse Umemoto
63%
Winners at War- 18th Ethan Zohn
63%
Millennials vs. Gen X- 15th Figgy Figueroa
63%
David vs. Goliath- 8th Gabby Pascuzzi
63%
Millennials vs. Gen X- Equal 2nd Hannah Shapiro
63%
Millennials vs. Gen X- 6th Jay Starrett
63%
Winners at War- 8th Jeremy Collins
63%
South Pacific- 12th Jim Rice
63%
Cambodia- 8th Joe Anglim
63%
Kaoh Rong- 5th Joe del Campo
63%
Kaoh Rong- 7th Julia Sokolowski
63%
Blood vs. Water- 14th Kat Edorsson
63%
South Pacific- 11th Keith Tollefson
63%
Worlds Apart- 12th Kelly Remington
63%
Redemption Island- 16th Kristina Kell
63%
One World- 9th Leif Manson
63%
One World- 16th Matt Quinlan
63%
Millennials vs. Gen X- 14th Michaela Bradshaw
63%
Caramoan- 11th Michael Snow
63%
Winners at War- 3rd Michele Fitzgerald
63%
Winners at War- 2nd Natalie Anderson
63%
David vs. Goliath- 15th Natalie Cole
63%
Cambodia- 18th Peih-Gee Law
63%
Winners at War- 17th Rob Mariano
63%
Heroes vs. Healers vs. Hustlers- 3rd Ryan Ulrich
63%
Philippines- 13th Sarah Dawson
63%
South Pacific- 18th Semhar Tadesse
63%
Caramoan- 17th Shamar Thomas
63%
Millennials vs. Gen X- 12th Taylor Stocker
63%
Cambodia- 15th Terry Deitz
63%
Winners at War- WINNER Tony Vlachos
63%
Game Changers- 3rd Troyzan Robertson
63%
Nicaragua- 16th Tyrone Davis
63%
Nicaragua- 20th Wendy Jo Desmidt-Kohlhoff
63%
Kaoh Rong- 14th Alecia Holden
58%
David vs. Goliath- 5th Alison Raybould
58%
David vs. Goliath- 3rd Angelina Keely
58%
Kaoh Rong- 13th Anna Khait
58%
Game Changers- 5th Aubry Bracco
58%
David vs. Goliath- 17th Bi Nguyen
58%
Millennials vs. Gen X- 5th Bret LaBelle
58%
Kaoh Rong- 15th Caleb Reynolds
58%
David vs. Goliath- 9th Carl Boudreaux
58%
Millennials vs. Gen X- 11th Chris Hammons
58%
David vs. Goliath- 7th Christian Hubicki
58%
Game Changers- 20th Ciera Eastin
58%
Game Changers- 6th Cirie Fields
58%
Island of the Idols- 2nd Dean Kowalski
58%
Ghost Island- 5th Donathan Hurley
58%
San Juan Del Sur- 15th Drew Christy
58%
David vs. Goliath- 13th Elizabeth Olson
58%
Caramoan- 18th Hope Driskill
58%
David vs. Goliath- 18th Jeremy Crawford
58%
David vs. Goliath- 19th Jessica Peet
58%
David vs. Goliath- 12th John Hennigan
58%
San Juan Del Sur- 11th Josh Canfield
58%
Redemption Island- 11th Julie Wolfe
58%
Heroes vs. Healers vs. Hustlers- 18th Katrina Radke
58%
Winners at War- 9th Kim Spradlin-Wolfe
58%
Redemption Island- 15th Krista Klumpp
58%
Edge of Extinction- 5th Lauren O'Connell
58%
Millennials vs. Gen X- 19th Mari Takahashi
58%
One World- 11th Michael Jefferson
58%
Millennials vs. Gen X- 13th Michelle Schubert
58%
David vs. Goliath- 2nd Mike White
58%
Heroes vs. Healers vs. Hustlers- 5th Mike Zahalsky
58%
One World- 14th Monica Culpepper
58%
David vs. Goliath- 16th Natalia Azoqa
58%
Kaoh Rong- 10th Nick Maiorono
58%
Winners at War- 7th Nick Wilson
58%
One World- 17th Nina Acosta
58%
Worlds Apart- 16th Nina Poersch
58%
Island of the Idols- 3rd Noura Salman
58%
David vs. Goliath- 20th Pat Cusack
58%
Heroes vs. Healers vs. Hustlers- 16th Patrick Bolton
58%
Millennials vs. Gen X- 18th Paul Wachter
58%
Edge of Extinction- 18th Reem Daly
58%
Winners at War- 16th Sandra Diaz-Twine
58%
Winners at War- 4th Sarah Lacina
58%
Millennials vs. Gen X- 7th Sunday Burquest
58%
Game Changers- 4th Tai Trang
58%
Winners at War- 13th Wendell Holland
58%
Millennials vs. Gen X- 8th Will Wahl
58%
Cambodia- 14th Woo Hwang
58%
Winners at War- 14th Yul Kwon
58%
Heroes vs. Healers vs. Hustlers- 15th Alan Ball
54%
David vs. Goliath- 10th Alec Merlino
54%
Nicaragua- 12th Alina Wilson
54%
Edge of Extinction- 7th Aurora McCreary
54%
Millennials vs. Gen X- 16th CeCe Taylor
54%
Winners at War- 19th Danni Boatwright
54%
David vs. Goliath- 11th Dan Rengering
54%
Island of the Idols- 6th Dan Spilo
54%
David vs. Goliath- 6th Davie Rickenbacker
54%
Edge of Extinction- 2nd Gavin Whitson
54%
Game Changers- 13th Hali Ford
54%
One World- 10th Jay Byars
54%
Game Changers- 14th Jeff Varner
54%
Kaoh Rong- 17th Jennifer Lanzetti
54%
Millennials vs. Gen X- 10th Jessica Lewis
54%
Game Changers- 16th J.T. Thomas
54%
Caramoan- 13th Julia Landauer
54%
Philippines- 12th Katie Hanson
54%
Edge of Extinction- 17th Keith Sowell
54%
Island of the Idols- 4th Lauren Beck
54%
Heroes vs. Healers vs. Hustlers- 7th Lauren Rimmer
54%
Worlds Apart- 15th Lindsey Cascaddan
54%
Kaoh Rong- 16th Liz Markham
54%
Millennials vs. Gen X- 17th Lucy Huang
54%
David vs. Goliath- 14th Lyrsa Torres
54%
Game Changers- 17th Malcolm Freberg
54%
South Pacific- 17th Mark "Papa Bear" Caruso
54%
Game Changers- 7th Michaela Bradshaw
54%
Redemption Island- 6th Mike Chiesl
54%
Winners at War- 15th Parvati Shallow
54%
Edge of Extinction- 4th Rick Devens
54%
Heroes vs. Healers vs. Hustlers- 14th Roark Luskin
54%
Edge of Extinction- 8th Ron Clark
54%
Game Changers- 15th Sandra Diaz-Twine
54%
Ghost Island- 6th Sebastian Noel
54%
Game Changers- 9th Sierra Dawn Thomas
54%
Heroes vs. Healers vs. Hustlers- 17th Simone Nguyen
54%
Winners at War- 10th Sophie Clarke
54%
Game Changers- 19th Tony Vlachos
54%
Winners at War- 11th Tyson Apostol
54%
Edge of Extinction- 6th Victoria Baamonde
54%
Edge of Extinction- 15th Wendy Diaz
54%
Nicaragua- 14th Yve Rojas
54%
Game Changers- 8th Andrea Boehlke
50%
Heroes vs. Healers vs. Hustlers- 6th Ashley Nolan
50%
Heroes vs. Healers vs. Hustlers- 10th Cole Medders
50%
Edge of Extinction- 11th David Wright
50%
Game Changers- 11th Debbie Wanner
50%
Heroes vs. Healers vs. Hustlers- 11th Desi Williams
50%
Edge of Extinction- 13th Eric Hafemann
50%
Ghost Island- 19th Jacob Derwin
50%
Heroes vs. Healers vs. Hustlers- 12th Jessica Johnston
50%
Nicaragua- 13th Jill Behm
50%
Heroes vs. Healers vs. Hustlers- 9th JP Hilsabeck
50%
Edge of Extinction- 3rd Julie Rosenberg
50%
David vs. Goliath- 4th Kara Kay
50%
Island of the Idols- 13th Kellee Kim
50%
Edge of Extinction- 10th Kelley Wentworth
50%
Ghost Island- 7th Kellyn Bechtold
50%
Caramoan- 14th Matt Bischoff
50%
Game Changers- 12th Ozzy Lusth
50%
Game Changers- 10th Zeke Smith
50%
Heroes vs. Healers vs. Hustlers- 13th Ali Elliott
46%
Caramoan- 19th Allie Pohevitz
46%
Edge of Extinction- 16th Aubry Bracco
46%
Ghost Island- 8th Chelsea Townsend
46%
Ghost Island- 11th Desiree Afuye
46%
Island of the Idols- 5th Janet Carbin
46%
Edge of Extinction- 14th Joe Anglim
46%
Heroes vs. Healers vs. Hustlers- 8th Joe Mena
46%
Edge of Extinction- 12th Julia Carter
46%
Island of the Idols- 8th Karishma Patel
46%
Ghost Island- 9th Michael Yerger
46%
Millennials vs. Gen X- 20th Rachel Ako
46%
Island of the Idols- 20th Ronnie Bardah
46%
Redemption Island- 13th Sarita White
46%
Ghost Island- 20th Stephanie Gonzalez
46%
Edge of Extinction- 9th Wardog DaSilva
46%
Ghost Island- 14th Bradley Kleihege
42%
Ghost Island- 17th Brendan Shapiro
42%
Game Changers- 18th Caleb Reynolds
42%
Ghost Island- 13th Chris Noble
42%
Island of the Idols- 14th Jack Nichting
42%
Island of the Idols- 12th Jamal Shipman
42%
Ghost Island- 12th Libby Vincek
42%
Island of the Idols- 10th Missy Byrd
42%
Island of the Idols- 7th Elaine Stott
38%
Ghost Island- 10th Jenna Bowman
38%
Caramoan- 16th Laura Alexander
38%
Ghost Island- 16th Stephanie Johnson
38%
Island of the Idols- 11th Aaron Meredith
33%
Island of the Idols- 9th Elizabeth Beisel
33%
Ghost Island- 15th James Lim
33%
Island of the Idols- 17th Chelsea Walker
29%
Island of the Idols- 15th Jason Linden
29%
Island of the Idols- 19th Molly Byman
29%
Ghost Island- 18th Morgan Ricke
29%
Island of the Idols- 16th Tom Laidlaw
29%
Island of the Idols- 18th Vince Moua
29%
No matching quizzes found
Score Distribution
Percent of People with Each Score
Percentile by Number Answered
Your Score History
You have not taken this quiz